<?xml version="1.0" encoding="UTF-8"?>
<record
    xmlns:xsi="http://www.w3.org/2001/XMLSchema-instance"
    xsi:schemaLocation="http://www.loc.gov/MARC21/slim http://www.loc.gov/standards/marcxml/schema/MARC21slim.xsd"
    xmlns="http://www.loc.gov/MARC21/slim">

  <leader>01043nam a2200289 n 4500</leader>
  <controlfield tag="003">OSt</controlfield>
  <controlfield tag="005">20211223145059.0</controlfield>
  <controlfield tag="008">211223s2020    ii     e      000 f tam d</controlfield>
  <datafield tag="020" ind1=" " ind2=" ">
    <subfield code="c">RM114.80</subfield>
    <subfield code="q">paperback</subfield>
  </datafield>
  <datafield tag="040" ind1=" " ind2=" ">
    <subfield code="a">PPAK</subfield>
    <subfield code="b">eng</subfield>
    <subfield code="c">PPAK</subfield>
    <subfield code="e">rda</subfield>
  </datafield>
  <datafield tag="082" ind1="0" ind2="4">
    <subfield code="2">23</subfield>
    <subfield code="a">894.8113</subfield>
  </datafield>
  <datafield tag="090" ind1="0" ind2="0">
    <subfield code="a">894.8113</subfield>
    <subfield code="b">SRI</subfield>
    <subfield code="d">G</subfield>
  </datafield>
  <datafield tag="100" ind1="0" ind2=" ">
    <subfield code="6">880-01</subfield>
    <subfield code="a">Sr&#x12B;&#x1E63;&#x101;,</subfield>
    <subfield code="e">author.</subfield>
  </datafield>
  <datafield tag="242" ind1=" " ind2=" ">
    <subfield code="a">Apa yang boleh menyebabkan kau menyerah diri</subfield>
    <subfield code="y">may</subfield>
  </datafield>
  <datafield tag="245" ind1="1" ind2="0">
    <subfield code="6">880-02</subfield>
    <subfield code="a">Etai n&#x101;&#x1E49; k&#x113;&#x1E6D;pi&#x1E49; u&#x1E49;aiy&#x113; taruv&#x101;y...! /</subfield>
    <subfield code="c">Sr&#x12B;&#x1E63;&#x101;</subfield>
  </datafield>
  <datafield tag="264" ind1=" " ind2="1">
    <subfield code="a">Chennai, India : </subfield>
    <subfield code="b">Arivu Nilaiyam Patippakam,</subfield>
    <subfield code="c">2020</subfield>
  </datafield>
  <datafield tag="300" ind1=" " ind2=" ">
    <subfield code="a">540 pages ;</subfield>
    <subfield code="c">18 cm.</subfield>
  </datafield>
  <datafield tag="336" ind1=" " ind2=" ">
    <subfield code="2">rdacontent</subfield>
    <subfield code="a">text</subfield>
  </datafield>
  <datafield tag="337" ind1=" " ind2=" ">
    <subfield code="2">rdamedia</subfield>
    <subfield code="a">unmediated</subfield>
  </datafield>
  <datafield tag="338" ind1=" " ind2=" ">
    <subfield code="2">rdacarrier</subfield>
    <subfield code="a">volume</subfield>
  </datafield>
  <datafield tag="650" ind1="1" ind2="0">
    <subfield code="a">Tamil fiction</subfield>
  </datafield>
  <datafield tag="650" ind1="2" ind2="0">
    <subfield code="a">Man-woman relationships </subfield>
    <subfield code="x">Fiction</subfield>
  </datafield>
  <datafield tag="650" ind1="2" ind2="0">
    <subfield code="a">Romance fiction.</subfield>
  </datafield>
  <datafield tag="880" ind1="0" ind2=" ">
    <subfield code="6">100-01</subfield>
    <subfield code="a">&#xBB8;&#xBCD;&#xBB0;&#xBC0;&#xBB7;&#xBBE;,</subfield>
    <subfield code="e">&#xBA8;&#xBC2;&#xBB2;&#xBBE;&#xB9A;&#xBBF;&#xBB0;&#xBBF;&#xBAF;&#xBB0;&#xBCD;</subfield>
  </datafield>
  <datafield tag="880" ind1="1" ind2="0">
    <subfield code="6">245-02</subfield>
    <subfield code="a">&#xB8E;&#xBA4;&#xBC8; &#xBA8;&#xBBE;&#xBA9;&#xBCD; &#xB95;&#xBC7;&#xB9F;&#xBCD;&#xBAA;&#xBBF;&#xBA9;&#xBCD; &#xB89;&#xBA9;&#xBC8;&#xBAF;&#xBC7; &#xBA4;&#xBB0;&#xBC1;&#xBB5;&#xBBE;&#xBAF;&#xBCD;...! </subfield>
    <subfield code="c">&#xBB8;&#xBCD;&#xBB0;&#xBC0;&#xBB7;&#xBBE;</subfield>
  </datafield>
  <datafield tag="942" ind1=" " ind2=" ">
    <subfield code="2">ddc</subfield>
    <subfield code="c">B</subfield>
  </datafield>
  <datafield tag="999" ind1=" " ind2=" ">
    <subfield code="c">186640</subfield>
    <subfield code="d">186640</subfield>
  </datafield>
  <datafield tag="952" ind1=" " ind2=" ">
    <subfield code="0">0</subfield>
    <subfield code="7">0</subfield>
    <subfield code="b">PPAK</subfield>
    <subfield code="c">G</subfield>
    <subfield code="d">2022-02-08</subfield>
    <subfield code="l">2</subfield>
    <subfield code="m">2</subfield>
    <subfield code="o">894.8113 SRI</subfield>
    <subfield code="p">A01720871</subfield>
    <subfield code="r">2026-02-08 10:05:54</subfield>
    <subfield code="s">2025-12-21</subfield>
    <subfield code="y">B</subfield>
  </datafield>
  <datafield tag="952" ind1=" " ind2=" ">
    <subfield code="0">0</subfield>
    <subfield code="7">0</subfield>
    <subfield code="b">SP</subfield>
    <subfield code="c">G</subfield>
    <subfield code="d">2022-02-08</subfield>
    <subfield code="o">894.8113 SRI</subfield>
    <subfield code="p">A01720872</subfield>
    <subfield code="r">2022-02-08 00:00:00</subfield>
    <subfield code="y">B</subfield>
  </datafield>
</record>
